000 00316nam a2200133Ia 4500
008 210210b1955 xxu||||| |||| 00| 0 eng d
082 _a310/155
100 _aROSIN & EASTMAN.
245 _aRoad of abundance.
260 _aLondon
_bRider and Company
_c1955
300 _a144
690 _aSociology
906 _a001645
999 _c77781
_d77781